Statistics for Countries with the Shortest Coastlines

Click here to take the quiz!

General Stats

  • This quiz has been taken 14,834 times
  • The average score is 12 of 20

Answer Stats

kmBordersCountry% Correct
4Mediterranean SeaMonaco
89%
135Caribbean SeaSt. Kitts and Nevis
77%
158Caribbean SeaSaint Lucia
76%
20Adriatic SeaBosnia and Herzegovina
75%
84Caribbean SeaSt. Vincent and the
Grenadines
73%
153Caribbean SeaAntigua and Barbuda
68%
121Caribbean SeaGrenada
68%
90Baltic SeaLithuania
66%
97Atlantic OceanBarbados
65%
148Caribbean SeaDominica
63%
30Pacific OceanNauru
62%
47Gulf of TriesteSlovenia
61%
80Atlantic OceanGambia
59%
67North SeaBelgium
58%
56Gulf of GuineaTogo
56%
24Pacific OceanTuvalu
53%
121Gulf of GuineaBenin
52%
58Persian GulfIraq
49%
26Gulf of AqabaJordan
42%
37Atlantic OceanD. R. Congo
31%

Score Distribution

Percentile by Number Answered

Percent of People with Each Score

Your Score History

You have not taken this quiz